| 000 | 00560nam a2200181Ia 4500 | ||
|---|---|---|---|
| 008 | 140609s9999 xx 000 0 und d | ||
| 020 | _a9780486474380 | ||
| 050 |
_aQA 273.4 _b.G66 2009 |
||
| 100 | _aGood, Irving J. | ||
| 245 |
_aGood thinking : _bthe foundations of probability and its applications / _cIrving J. Good |
||
| 250 | _aDover ed. | ||
| 260 |
_aMineola, N.Y. : _bDover Publications, _cc2009. |
||
| 300 |
_a332 p. ; _c22 cm. |
||
| 500 | _aIncludes bibliographical references and index. | ||
| 521 | _aGE | ||
| 942 |
_kFOR _cBK |
||
| 999 |
_c118039 _d118039 |
||